| 000 | 01106 a2200265 4500 | ||
|---|---|---|---|
| 005 | 20161214084428.0 | ||
| 008 | 161214s2016 ck ||||fr|||| 000 0 spa d | ||
| 020 | _a9789588988016 | ||
| 040 |
_aCO-BoUCM _bspa _cSaul Niño _dSaul Niño |
||
| 041 | 0 | _aspa | |
| 100 | 1 | 0 |
_aGuzmán Vásquez, Alexander _971878 |
| 245 | 1 | 0 |
_aLineamientos de gobierno corporativo en revelación y transparencia _cAlexander Guzmán Vásquez, María Andrea Trujillo Dávila |
| 246 | 3 | 0 | _aCorporate governanceguidelines on disclosure and transparency |
| 260 |
_aBogotá (Colombia) _bColegio de Estudios Superiores de Administración (CESA) _c2016 |
||
| 300 | _a200 páginas | ||
| 504 | _aIncluye referencias bibliográficas | ||
| 650 | 7 |
_916474 _aGobierno corporativo |
|
| 650 | 7 |
_923695 _aResponsabilidad social en los negocios |
|
| 650 | 7 |
_915238 _aÉtica en la administración |
|
| 650 | 7 |
_922011 _aPolítica pública |
|
| 690 | 0 |
_aAdministración de empresas _9435 |
|
| 700 | 1 |
_aTrujillo Dávila, María Andrea _929922 |
|
| 942 |
_cLIBRO _2DEWEY _a16 _e1 _h658.408 _mL754co |
||
| 999 |
_c305711 _d305711 |
||